| 000 | 00743nab#a2200229#c#4500 | ||
|---|---|---|---|
| 999 |
_c53590 _d53590 |
||
| 003 | IEF | ||
| 005 | 20191211110135.0 | ||
| 008 | 950704s1975 uuu|| #####0 b| |u | ||
| 040 |
_aIEF _cES-MaIEF |
||
| 100 |
_aArgüello Reguera, Ceferino _92050 |
||
| 245 |
_aNota sobre el Fondo de Acción Coyuntural _c [Ceferino Argüello Reguera, José Luis Peinado Pérez y Julián Campo Sáinz de Rozas] |
||
| 260 | _c1975 | ||
| 650 | 4 |
_aGASTO PUBLICO _944787 |
|
| 650 | 4 |
_aDESARROLLO ECONOMICO _950224 |
|
| 650 | 4 |
_aESPAÑA _941092 |
|
| 700 |
_934682 _aPeinado Pérez, José Luis |
||
| 700 |
_98679 _aCampo Sáinz de Rozas, Julián |
||
| 773 | 0 |
_tHacienda pública española _w34570 _g33, p. 177-182 |
|
| 942 | _2udc | ||
| 942 | _2udc | ||